| 000 | 00765cam a2200205 i 4500 | ||
|---|---|---|---|
| 005 | 20260422113132.0 | ||
| 008 | 250721s2003 sy gr 000 0 ara d | ||
| 020 | _a283831 | ||
| 082 | 1 | 4 |
_a415.1 _bم ا ي |
| 100 | 1 |
_aمايو، عبد القادر محمد _eمؤلف. |
|
| 245 | 1 | 2 |
_aالنحو المبسط / _cتأليف الاستاذعبد القادر محمد مايو ؛ مراجعة احمد عبد الله فرهود. |
| 250 | _aالطبعة الثانية. | ||
| 264 | 3 | 1 |
_aحلب : _bدارالقلم العربي ؛ _bدار الرفاعي، _c2003. |
| 300 | _a208 صفحة. | ||
| 650 | 1 | 7 | _aقواعد اللغة. |
| 650 | 1 | 7 | _aاللغة العربية. |
| 650 | 1 | 7 | _aالنحو. |
| 942 |
_2ddc _cBK |
||
| 999 |
_c89280 _d89280 |
||